• 首页
  • 本馆介绍
  • 公告通知
  • 最新文献
  • 馆藏检索
  • 电子资源
  • 读者导购
  • 参考咨询
  • 我的图书馆
  • 登录
  • 详细信息显示
  • 放入我的书架
  • 预约/预借图书
  • 作者相关作品
  • 分类相关作品
  • 丛书相关作品
  • 出版社相关作品

书目信息

  • 表格格式
  • 工作单格式
  • 卡片格式
题名:
智力教育与创造力培养
    
 
作者: 段继扬 著
分册:  
出版信息: 郑州   河南教育出版社  1992.8
页数: 279页
开本: 20cm
丛书名:
单 册:
中图分类: G40-013 , G61
科图分类:
主题词: 智育-教育理论 , 教育理论-智育 , 教育--各级
电子资源:
ISBN: 7-5347-1104-5
000 00818nam0 2200265 45
001 1538175598
005 20150128115346.39
010    @a7-5347-1104-5@dCNY0.40
100    @a19930204d1992 em y0chiy0121 ea
101 0  @achi
102    @aCN@b410000
105    @ay z 000yy
200 10 @a智力教育与创造力培养@AZHI LI JIAO YU YU CHUANG ZAO LI PEI YANG@f段继扬著@FDUAN JI YANG ZHU
210    @a郑州@c河南教育出版社@d1992.8
215    @a279页@d20cm
330    @a本书内容包括智力和智力教育、创造力及其培养和智能培养与思想政治教育等3编。
540 1  @a智力 创造力@AZHI LI CHUANG ZAO LI
606    @a智育-教育理论
606    @a教育理论-智育
606 0  @a教育@x各级
690    @aG40-013@v三版
690    @aG61@v4
701  0 @a段继扬@ADUAN JI YANG@4著
801  0 @aCN@bTSSF@c20150128
905    @aZUCC@dG61@eJY18
    
    智力教育与创造力培养/段继扬著.-郑州:河南教育出版社,1992.8
    279页;20cm
    
    
    ISBN 7-5347-1104-5:CNY0.40
    本书内容包括智力和智力教育、创造力及其培养和智能培养与思想政治教育等3编。
●
相关链接 在E读中查询图书 在五车中查询图书 在当当中查询图书 在豆瓣中查询图书


正题名:智力教育与创造力培养     索取号:G61/JY18         预约/预借

序号 登录号 条形码 馆藏地/架位号 状态 备注
1 7843836   278438362   学院路分馆/ [索取号:G61/JY18] 在馆    
2 7843837   278438371   学院路分馆/ [索取号:G61/JY18] 在馆    
3 7843838   278438380   学院路分馆/ [索取号:G61/JY18] 在馆    
4 7843839   278438399   学院路分馆/ [索取号:G61/JY18] 在馆    
唐山师范学院图书馆 欢迎您!
大连网信软件有限公司© 版权所有